Normal view MARC view
  • Blake, Reed H.

Entry Nombre Personal

Number of records used in: 1

001 - NUMERO DE CONTROL

  • campo de control: 46390

003 - IDENTIFICADOR DE NUMERO DE CONTROL

  • campo de control: DLC

005 - FECHA Y HORA DE LA ÜLTIMA TRANSACCIÓN

  • campo de control: 20220914153848.0

008 - DATOS DE LONGITUD FIJA

  • campo de control de longitud fija: 850327n| azannaabn |a aaa

010 ## - NÚMERO DE CONTROL DE LA BIBLIOTECA DEL CONGRESO

  • Número de control LC: n 85100274

035 ## - NUMERO DE CONTROL

  • Número de control: (OCoLC)oca01310599

040 ## - FUENTE DE CATALOGACIÓN

  • Agencia original de catalogación: DLC
  • Lenguaje de catalogación: spa
  • Agencia de transcripción: DLC
  • Description conventions: rda
  • Agencia que lo modifica: DLC
  • Agencia que lo modifica: UPB
  • Agencia que lo modifica: MX-MxUPN

046 ## - FECHAS CON CODIFICACIÓN ESPECIAL

  • Fecha de nacimiento: 1933-01-31
  • Fecha de muerte: 2014-02-13
  • Fuente del formato de fecha: edtf

100 1# - ENCABEZAMIENTO - NOMBRE PERSONAL

  • Nombre personal: Blake, Reed H.

370 ## - LUGAR ASOCIADO

  • Place of birth: Saint George (Utah)
  • Place of death: Provo (Utah)
  • Fuente del término: naf

372 ## - CAMPO DE ACTIVIDAD

  • Field of activity: Servicio social
  • Field of activity: Sociología

373 ## - GRUPO ASOCIADO

  • Associated group: Brigham Young University. Department of Sociology
  • Fuente del término: naf

374 ## - OCUPACIÓN

  • Occupation: Profesor universitario

377 ## - LENGUA ASOCIADA

  • Language code: eng

378 ## - FORMA COMPLETA DE NOMBRE PERSONAL

  • Fuller form of personal name: Reed Harris

400 1# - VEÁSE - NOMBRE DE PERSONA

  • Personal name: Blake, Reed Harris,
  • Dates associated with a name: 1933-2014

670 ## - FUENTE EN LA QUE SE LOCALIZARON DATOS

  • Cita de la fuente: Christiansen, J.R. Disaster preparedness, c1984:
  • Información localizada: portada (Reed H. Blake) camisa (Ph. D., Utah State; prof. of social work and sociology, Brigham Young Univ.)

670 ## - FUENTE EN LA QUE SE LOCALIZARON DATOS

  • Cita de la fuente: LC data base, 3-25-85
  • Información localizada: (hdg.: Blake, Reed H.)

670 ## - FUENTE EN LA QUE SE LOCALIZARON DATOS

  • Cita de la fuente: Deseret News, via WWW, January 10, 2019
  • Información localizada: (Reed Harris Blake; born January 31, 1933 in St. George, Utah; died February 13, 2014 in Provo, Utah; doctorate from Utah State University; professor of sociology at Brigham Young University)

670 ## - FUENTE EN LA QUE SE LOCALIZARON DATOS

  • Cita de la fuente: Taxonomía de conceptos de la comunicación, 1977:
  • Información localizada: portada (Reed H. Blake)

902 ## - CATALOGADOR

  • Catalogador: VRC/140922